000
00308nam a22001337a 4500
008
180127b xxu||||| |||| 00| 0 eng d
020
_a
9781401832971
041
_a
eng
080
_a
617
100
_a
5
101
_a
SHK
245
_a
Surgical Instrumentation
_c
Phillips, N & Sedlak, P.K
942
_2
udc
_c
BK
999
_c
41075
_d
41075